000 00546nam a2200193Ia 4500
005 20250508163326.0
008 008 250505s9999 xx 000 0 eng d
020 _a0-521-28293-4
037 _aTextual
040 _aFEDL
_beng
_cFEDL
041 _aeng
_2eng
084 _a428, BAK
_qFEDL
100 _aBaker Ann
_9775111
245 0 _aTree or three? : An elementary pronunciation course
260 _aCambridge
_bCambridge University Press
_c1982
300 _a119p.
942 _cTEXL
_h428, BAK
999 _c1382335
_d1382335